Abhishek Bahchan Style & Substance / (Record no. 101665)

MARC details
000 -LEADER
fixed length control field 00611nam a22001937a 4500
005 - DATE AND TIME OF LATEST TRANSACTION
control field 20160801130247.0
010 ## - LCCN (DPL NO)
LC control number ENG-115598
020 ## - INTERNATIONAL STANDARD BOOK NUMBER
International Standard Book Number 9789385285295
Terms of availability 1500.00
035 ## - SYSTEM CONTROL NUMBER
System control number EN-99130
037 ## - SOURCE OF ACQUISITION
Source of stock number/acquisition DBAD/PUB
082 ## - DEWEY DECIMAL CLASSIFICATION NUMBER
Classification number 791.43028092
100 ## - MAIN ENTRY--PERSONAL NAME
Personal name Chaudhuri,Sarit K.
245 00 - TITLE STATEMENT
Title Abhishek Bahchan Style & Substance /
Statement of responsibility, etc by Pradeep Chandra
260 ## - PUBLICATION, DISTRIBUTION, ETC. (IMPRINT)
Place of publication, distribution, etc New Delhi
Name of publisher, distributor, etc Niyogi Books
Date of publication, distribution, etc 2016
270 ## - ADDRESS
Address D-78,Okhla Industrial Area Phase-I
City New Delhi
Postal code 110020
300 ## - PHYSICAL DESCRIPTION
Extent 180,pages :
Other physical details illustrations (colour) ;
Dimensions 26cm
500 ## - GENERAL NOTE
General note Includes index
942 ## - ADDED ENTRY ELEMENTS (KOHA)
Source of classification or shelving scheme Dewey Decimal Classification
Item type English Books
Classification part 791.43028092
Call number suffix CHA
Holdings
Withdrawn status Lost status Not for loan Collection code Home library Current library Date acquired Source of acquisition Cost, normal purchase price Full call number Barcode Copy number Cost, replacement price Koha item type
    Not For Loan Non-fiction D.B.Act.Division Bawana 01/08/2016 DBAD/PUB 1500.00 791.43028092 CHA EN-99130 1 1500.00 English Books

© Delhi Public Library
Hit Counter
free hit counter